MARC

LEADER 00000nam0a2200000 4500
001 355731
005 20231102010826.0
035 |a (RuTPU)RU\TPU\retro\12991 
090 |a 355731 
100 |a 20200710d1973 km y0rusy50 ca 
101 0 |a rus 
102 |a TM 
105 |a y z 100zy 
200 1 |a Материалы VIII-ой научно-технической конференции профессорско-преподавательского состава ТПИ  |f Туркменский политехнический институт ; под ред. С. Л. Гендлера 
210 |a Ашхабад  |c Изд-во ТПИ  |d 1973 
215 |a 131 с. 
606 1 |a Геология  |y Туркмения  |2 stltpush  |3 (RuTPU)RU\TPU\subj\72287  |9 85849 
606 1 |a Нефтегазоносность  |2 stltpush  |3 (RuTPU)RU\TPU\subj\45590  |9 64783 
610 1 |a нефтяное дело 
610 1 |a геохимия 
610 1 |a стратиграфия 
610 1 |a верхнеюрские отложения 
610 1 |a неоген-четвертичные комплексы 
610 1 |a тектоника 
610 1 |a электроразведка 
610 1 |a горные породы 
610 1 |a разрушение 
610 1 |a нефтегазовые месторождения 
610 1 |a конференции 
675 |a 55(575.4)(063)  |v 4 
675 |a 553.98(575.4)(063)  |v 4 
702 1 |a Гендлер  |b С. Л.  |4 340 
712 0 2 |a Туркменский политехнический институт  |c (Ашхабад)  |2 stltpush  |3 (RuTPU)RU\TPU\col\14375  |9 25924 
712 1 2 |a Материалы VIII-ой научно-технической конференции профессорско-преподавательского состава ТПИ  |e Ашхабад  |f 1973  |4 570 
801 1 |a RU  |b 63413507  |c 20200710 
801 2 |a RU  |b 63413507  |c 20210302  |g RCR 
942 |c BK